Normal view MARC view
  • Arora D R & Arora Brij Bala

Entry Personal Name

Number of records used in: 1

001 - CONTROL NUMBER

  • control field: 180492

003 - CONTROL NUMBER IDENTIFIER

  • control field: OSt

005 - DATE AND TIME OF LATEST TRANSACTION

  • control field: 20230314162659.0

008 - FIXED-LENGTH DATA ELEMENTS

  • fixed length control field: 230314|| aca||aabn | a|a d

040 ## - CATALOGING SOURCE

  • Original cataloging agency: OSt
  • Transcribing agency: OSt

100 ## - HEADING--PERSONAL NAME

  • Personal name: Arora D R & Arora Brij Bala

670 ## - SOURCE DATA FOUND

  • Source citation: Work cat.: (OSt)143159: Arora D R & Arora Brij Bala, Essentials of Applied Microbiology for BSc Nursing Students, 2020